Statistics for Fiona Apple - When The Pawn... Full Title

Click here to take the quiz!

General Stats

  • This quiz has been taken 62 times
  • The average score is 54 of 90

Answer Stats

Answer% Correct
pawn
100%
the
100%
When
100%
the
97%
hits
94%
a
83%
he
83%
thinks
83%
king
81%
like
81%
conflicts
75%
he
69%
knows
69%
the
69%
what
69%
blows
67%
the
67%
fight
64%
he
64%
throws
64%
when
64%
and
61%
and
61%
goes
61%
the
61%
the
61%
to
61%
enters
58%
fore
58%
go
58%
hand
58%
he
58%
he'll
58%
hold
58%
is
58%
might
58%
mind
58%
no
58%
own
58%
ring
58%
so
58%
solo
58%
the
58%
there's
58%
thing
58%
when
58%
whole
58%
win
58%
you
58%
you
58%
your
58%
your
58%
and
56%
batter
56%
body
56%
depth
56%
greatest
56%
heights
56%
is
56%
of
56%
that
56%
to
56%
when
56%
you
56%
your
56%
if
53%
know
53%
remember
53%
right
53%
that
53%
you'll
53%
you're
53%
and
50%
know
50%
stand
50%
where
50%
you
50%
fall
47%
if
47%
it
47%
know
47%
land
47%
matter
47%
to
47%
where
47%
won't
47%
you
47%
then
44%
you
44%
cuz
28%

Score Distribution

Percentile by Number Answered

Percent of People with Each Score

Your Score History

You have not taken this quiz